[Event "Guillermo Garcia Memorial-A 11th"]
[Site "Santa Clara"]
[Date "2003.??.??"]
[Round "11"]
[White "Delgado Ramirez, Neuris"]
[Black "Leitao, Rafael Duailibe"]
[Result "1-0"]
[WhiteElo "2526"]
[BlackElo "2529"]
[PlyCount "105"]
[EventDate "2003.05.19"]
[EventType "tourn"]
[EventRounds "13"]
[EventCountry "CUB"]
[EventCategory "8"]
[SourceTitle "EXT 2007"]
[Source "ChessBase"]
[SourceDate "2006.11.23"]
[SourceVersion "1"]
[SourceVersionDate "2006.11.23"]
[SourceQuality "1"]

1. e4 c5 2. Nf3 d6 3. c3 Nf6 4. Be2 Nbd7 5. d3 c4 6. d4 Nxe4 7. Bxc4 e6 8. O-O
Be7 9. Bd3 Nef6 10. c4 O-O 11. Nc3 b6 12. d5 e5 13. Ne1 Re8 14. Nc2 Nc5 15. Be2
Bd7 16. Be3 Rc8 17. a4 a5 18. Nb5 Ra8 19. b4 axb4 20. Nxb4 Qc8 21. Bg5 Nce4 22.
Be3 Nc5 23. Ra3 h6 24. Qa1 Ra5 25. Bd2 Nfe4 26. Be1 f5 27. Nc6 Bxc6 28. dxc6
Qxc6 29. Bxa5 bxa5 30. Qd1 Nf6 31. Nc3 Rb8 32. Nd5 Nxd5 33. cxd5 Qc8 34. Ra1
Rb4 35. Bb5 Bd8 36. Qh5 Bb6 37. Be8 Qc7 38. Bg6 f4 39. Rfb1 Qd7 40. Rxb4 axb4
41. a5 Ba7 42. Rb1 b3 43. g3 e4 44. gxf4 Nd3 45. Qf5 Qxf5 46. Bxf5 b2 47. Kf1
Bd4 48. Bxe4 Nb4 49. Re1 Kf7 50. Bb1 Bc5 51. Re2 Bd4 52. Re6 Nxd5 53. Rxd6 1-0

[Event "Guillermo Garcia Memorial-A 11th"]
[Site "Santa Clara"]
[Date "2003.??.??"]
[Round "12"]
[White "Quesada Perez, Yuniesky"]
[Black "Delgado Ramirez, Neuris"]
[Result "1/2-1/2"]
[WhiteElo "2420"]
[BlackElo "2526"]
[PlyCount "53"]
[EventDate "2003.05.19"]
[EventType "tourn"]
[EventRounds "13"]
[EventCountry "CUB"]
[EventCategory "8"]
[SourceTitle "EXT 2007"]
[Source "ChessBase"]
[SourceDate "2006.11.23"]
[SourceVersion "1"]
[SourceVersionDate "2006.11.23"]
[SourceQuality "1"]

1. e4 c5 2. Nf3 d6 3. Bb5+ Bd7 4. Bxd7+ Qxd7 5. c4 Nc6 6. Nc3 g6 7. d4 cxd4 8.
Nxd4 Bg7 9. Nde2 Nf6 10. O-O Qe6 11. Nd5 Qxe4 12. Nc7+ Kd7 13. Nxa8 Qxc4 14.
Nb6+ axb6 15. Nc3 b5 16. a3 e6 17. Bg5 Nd5 18. Nxd5 Qxd5 19. Qxd5 exd5 20. Rad1
d4 21. f4 Ke6 22. Rde1+ Kd5 23. Rf3 h6 24. Bh4 Ra8 25. b4 Rc8 26. Kf1 Ra8 27.
Re2 1/2-1/2

[Event "Guillermo Garcia Memorial-A 11th"]
[Site "Santa Clara"]
[Date "2003.??.??"]
[Round "13"]
[White "Delgado Ramirez, Neuris"]
[Black "Sequera Paolini, Jose Rafael"]
[Result "1-0"]
[WhiteElo "2526"]
[BlackElo "2392"]
[PlyCount "45"]
[EventDate "2003.05.19"]
[EventType "tourn"]
[EventRounds "13"]
[EventCountry "CUB"]
[EventCategory "8"]
[SourceTitle "EXT 2007"]
[Source "ChessBase"]
[SourceDate "2006.11.23"]
[SourceVersion "1"]
[SourceVersionDate "2006.11.23"]
[SourceQuality "1"]

1. e4 e6 2. d4 d5 3. Nd2 Nf6 4. e5 Ne4 5. Bd3 Nxd2 6. Bxd2 c5 7. dxc5 Nd7 8.
Nf3 Nxc5 9. Be2 Qb6 10. O-O Bd7 11. c4 dxc4 12. Bxc4 Bb5 13. Qc2 Bxc4 14. Qxc4
Qa6 15. Qg4 h5 16. Qh4 Be7 17. Bg5 Bxg5 18. Qxg5 g6 19. Rad1 Qa4 20. Rd4 Qb5
21. Rfd1 Qb6 22. b4 Na4 23. Rd7 1-0

[Event "Guayaquil zt 2.3"]
[Site "Guayaquil"]
[Date "2003.10.06"]
[Round "1"]
[White "Mendoza, Rafael Enrique"]
[Black "Delgado Ramirez, Neuris"]
[Result "0-1"]
[WhiteElo "2382"]
[BlackElo "2530"]
[PlyCount "92"]
[EventDate "2003.10.06"]
[EventType "tourn"]
[EventRounds "11"]
[EventCountry "ECU"]
[EventCategory "8"]
[SourceTitle "CBM 096 Extra"]
[Source "ChessBase"]
[SourceDate "2003.10.22"]
[SourceVersion "2"]
[SourceVersionDate "2003.10.20"]
[SourceQuality "1"]

1. e4 c5 2. Nf3 d6 3. d4 cxd4 4. Nxd4 Nf6 5. Nc3 a6 6. Be3 e5 7. Nb3 Be7 8. f3
O-O 9. Qd2 Be6 10. O-O-O Qc7 11. Nd5 Bxd5 12. exd5 Nbd7 13. Kb1 a5 14. a4 Nb6
15. Bxb6 Qxb6 16. Bb5 Ne8 17. Rhe1 Qd8 18. Qe2 Nc7 19. Nc1 Bg5 20. Na2 Na6 21.
Nc3 Qb6 22. Ne4 Bh6 23. Qf2 Qd8 24. g4 Bf4 25. Qg2 Nc7 26. Bf1 Rb8 27. Nc3 Rc8
28. Qf2 Na6 29. Nb5 Nc5 30. b3 Bg5 31. Re2 Qf6 32. Nc3 Qh6 33. Ne4 Bh4 34. Qe3
Nxe4 35. fxe4 Qg6 36. Qb6 Rc5 37. h3 Qf6 38. Bg2 Qe7 39. Bf1 Rb8 40. Rg2 Bg5
41. b4 axb4 42. Qxb4 Rbc8 43. Bb5 Be3 44. c4 Qf6 45. Rc2 Qf3 46. Qe1 Bd4 0-1

[Event "Guayaquil zt 2.3"]
[Site "Guayaquil"]
[Date "2003.10.07"]
[Round "2"]
[White "Delgado Ramirez, Neuris"]
[Black "Palencia Morales, Guillermo Wilson"]
[Result "1-0"]
[WhiteElo "2530"]
[BlackElo "2350"]
[PlyCount "119"]
[EventDate "2003.10.06"]
[EventType "tourn"]
[EventRounds "11"]
[EventCountry "ECU"]
[EventCategory "8"]
[SourceTitle "CBM 096 Extra"]
[Source "ChessBase"]
[SourceDate "2003.10.22"]
[SourceVersion "2"]
[SourceVersionDate "2003.10.20"]
[SourceQuality "1"]

1. e4 e5 2. Nf3 Nc6 3. Bb5 a6 4. Ba4 Nf6 5. O-O Nxe4 6. d4 b5 7. Bb3 d5 8. dxe5
Be6 9. Be3 Be7 10. Nbd2 O-O 11. h3 Nc5 12. Bxc5 Bxc5 13. c3 Bf5 14. Bc2 Bxc2
15. Qxc2 Qe7 16. Nb3 Bb6 17. Rae1 Rac8 18. Qd3 Rfd8 19. Qf5 Qe6 20. Qf4 h6 21.
Re2 Ne7 22. Nbd4 Bxd4 23. cxd4 Ng6 24. Qd2 Qf5 25. Qc2 Qh5 26. Qd2 Qf5 27. Kh2
c5 28. dxc5 Rxc5 29. Nd4 Qf4+ 30. Qxf4 Nxf4 31. Rd2 g6 32. Rfd1 Rdc8 33. Kg3
Ne6 34. Ne2 d4 35. f4 Rc2 36. Kf3 b4 37. Ke4 R8c4 38. b3 d3+ 39. Kxd3 Nxf4+ 40.
Ke3 Rxd2 41. Rxd2 Nxg2+ 42. Kf2 Re4 43. Kxg2 Rxe5 44. Kf3 a5 45. Nf4 a4 46. Rd5
Rxd5 47. Nxd5 axb3 48. axb3 Kf8 49. Nxb4 Ke7 50. Nd3 Kd6 51. Ke4 f5+ 52. Kd4 g5
53. Ne5 Ke6 54. b4 h5 55. Nf3 g4 56. Ng5+ Kd6 57. h4 f4 58. Ke4 f3 59. Ke3 Ke5
60. Ne4 1-0

[Event "Guayaquil zt 2.3"]
[Site "Guayaquil"]
[Date "2003.10.07"]
[Round "3"]
[White "Garcia, Gildardo"]
[Black "Delgado Ramirez, Neuris"]
[Result "1/2-1/2"]
[WhiteElo "2470"]
[BlackElo "2530"]
[PlyCount "110"]
[EventDate "2003.10.06"]
[EventType "tourn"]
[EventRounds "11"]
[EventCountry "ECU"]
[EventCategory "8"]
[SourceTitle "CBM 096 Extra"]
[Source "ChessBase"]
[SourceDate "2003.10.22"]
[SourceVersion "2"]
[SourceVersionDate "2003.10.20"]
[SourceQuality "1"]

1. e4 c5 2. Nf3 d6 3. Bb5+ Bd7 4. Bxd7+ Qxd7 5. c4 Nc6 6. Nc3 g6 7. d4 cxd4 8.
Nxd4 Bg7 9. Be3 Nf6 10. h3 O-O 11. O-O a6 12. Rc1 Rac8 13. b3 Nxd4 14. Bxd4 b5
15. cxb5 axb5 16. Qd3 Rb8 17. Bxf6 Bxf6 18. Nd5 Bh4 19. Rc7 Qd8 20. Rc6 e6 21.
Rxd6 Qa5 22. Ne3 Qxa2 23. Ng4 Qb2 24. Rb1 Qg7 25. g3 Bf6 26. Rc1 Bb2 27. Rcc6
h5 28. Ne3 Ba3 29. Rd7 Qf6 30. Kg2 Qe5 31. Nc2 Bb2 32. f4 Qg7 33. e5 Rfc8 34.
Rxc8+ Rxc8 35. Rd8+ Rxd8 36. Qxd8+ Kh7 37. h4 f6 38. exf6 Bxf6 39. Qc8 e5 40.
fxe5 Bxe5 41. Qc6 Qf7 42. Qxb5 Bxg3 43. Kxg3 Qc7+ 44. Kf3 Qxc2 45. Qc4 Qf5+ 46.
Ke3 g5 47. Qe4 Kg6 48. Qe8+ Kg7 49. Qe7+ Kg6 50. Qd6+ Kf7 51. Qc7+ Kg6 52. Qd6+
Kf7 53. Qc7+ Kg6 54. Qc6+ Kg7 55. Qc7+ Kg6 1/2-1/2

[Event "Guayaquil zt 2.3"]
[Site "Guayaquil"]
[Date "2003.10.08"]
[Round "4"]
[White "Juarez Flores, Carlos Armando"]
[Black "Delgado Ramirez, Neuris"]
[Result "0-1"]
[WhiteElo "2392"]
[BlackElo "2530"]
[PlyCount "56"]
[EventDate "2003.10.06"]
[EventType "tourn"]
[EventRounds "11"]
[EventCountry "ECU"]
[EventCategory "8"]
[SourceTitle "CBM 096 Extra"]
[Source "ChessBase"]
[SourceDate "2003.10.22"]
[SourceVersion "2"]
[SourceVersionDate "2003.10.20"]
[SourceQuality "1"]

1. e4 c5 2. Nf3 d6 3. d4 cxd4 4. Nxd4 Nf6 5. Nc3 a6 6. Be2 e5 7. Nb3 Be7 8. O-O
O-O 9. a4 Be6 10. f4 exf4 11. Bxf4 Nc6 12. Kh1 Rc8 13. Qd2 Ne5 14. Nd4 Nc4 15.
Nxe6 fxe6 16. Bxc4 Rxc4 17. Qd3 Qc7 18. Qh3 Qc8 19. Rae1 Rc5 20. Rd1 b5 21.
axb5 axb5 22. Rfe1 Rh5 23. Qg3 b4 24. Na2 d5 25. exd5 Nxd5 26. Be5 Rg5 27. Qh3
Qa6 28. Bg3 Rgf5 0-1

[Event "Guayaquil zt 2.3"]
[Site "Guayaquil"]
[Date "2003.10.08"]
[Round "5"]
[White "Delgado Ramirez, Neuris"]
[Black "Estrada Nieto, Julian"]
[Result "1/2-1/2"]
[WhiteElo "2530"]
[BlackElo "2290"]
[PlyCount "28"]
[EventDate "2003.10.06"]
[EventType "tourn"]
[EventRounds "11"]
[EventCountry "ECU"]
[EventCategory "8"]
[SourceTitle "CBM 096 Extra"]
[Source "ChessBase"]
[SourceDate "2003.10.22"]
[SourceVersion "2"]
[SourceVersionDate "2003.10.20"]
[SourceQuality "1"]

1. e4 e5 2. Nf3 Nc6 3. Bb5 a6 4. Ba4 Nf6 5. Nc3 b5 6. Bb3 Be7 7. d3 d6 8. a4 b4
9. Nd5 Bg4 10. Nxf6+ Bxf6 11. Bd5 Qd7 12. c3 bxc3 13. bxc3 Rb8 14. a5 Be6
1/2-1/2

[Event "Guayaquil zt 2.3"]
[Site "Guayaquil"]
[Date "2003.10.09"]
[Round "6"]
[White "Mieles Palau, Daniel"]
[Black "Delgado Ramirez, Neuris"]
[Result "1/2-1/2"]
[WhiteElo "2468"]
[BlackElo "2530"]
[PlyCount "43"]
[EventDate "2003.10.06"]
[EventType "tourn"]
[EventRounds "11"]
[EventCountry "ECU"]
[EventCategory "8"]
[SourceTitle "CBM 096 Extra"]
[Source "ChessBase"]
[SourceDate "2003.10.22"]
[SourceVersion "2"]
[SourceVersionDate "2003.10.20"]
[SourceQuality "1"]

1. e4 c5 2. Nf3 d6 3. Bb5+ Nd7 4. d4 Ngf6 5. Nc3 a6 6. Bxd7+ Nxd7 7. O-O e6 8.
d5 e5 9. a4 Be7 10. Nd2 O-O 11. Nc4 Nb6 12. Na3 Bd7 13. a5 Na4 14. Ne2 Qxa5 15.
Bd2 Qc7 16. b3 c4 17. bxa4 Bxa4 18. Rb1 Bd7 19. Be3 b5 20. Qd2 Rab8 21. c3 f5
22. exf5 1/2-1/2

[Event "Guayaquil zt 2.3"]
[Site "Guayaquil"]
[Date "2003.10.10"]
[Round "8"]
[White "Matamoros Franco, Carlos S"]
[Black "Delgado Ramirez, Neuris"]
[Result "1-0"]
[WhiteElo "2484"]
[BlackElo "2530"]
[PlyCount "83"]
[EventDate "2003.10.06"]
[EventType "tourn"]
[EventRounds "11"]
[EventCountry "ECU"]
[EventCategory "8"]
[SourceTitle "CBM 096 Extra"]
[Source "ChessBase"]
[SourceDate "2003.10.22"]
[SourceVersion "2"]
[SourceVersionDate "2003.10.20"]
[SourceQuality "1"]

1. c4 e5 2. g3 Nc6 3. Bg2 d6 4. Nc3 Be6 5. d3 Qd7 6. b3 g6 7. Bb2 Bg7 8. Qd2
Nge7 9. Nd5 O-O 10. e3 Nd8 11. d4 Bxd5 12. cxd5 f5 13. dxe5 dxe5 14. Ne2 Nf7
15. Rd1 Rad8 16. Qc2 Qd6 17. O-O Rd7 18. e4 f4 19. Qc3 fxg3 20. hxg3 Ng5 21. f4
Qb6+ 22. Kh2 Nf7 23. Bh3 Rd6 24. Be6 Rxe6 25. dxe6 Qxe6 26. Qc4 Qg4 27. Ba3 Re8
28. fxe5 Qh5+ 29. Kg2 g5 30. Bxe7 Rxe7 31. Rd8+ Bf8 32. Nd4 b5 33. Nxb5 g4 34.
Rh1 Qxe5 35. Nc3 Qf6 36. Rd3 Bg7 37. Rd8+ Bf8 38. Rd3 Bg7 39. Nd1 Qg6 40. Rf1
Bf6 41. Ne3 Qh5 42. Rxf6 1-0

[Event "Guayaquil zt 2.3"]
[Site "Guayaquil"]
[Date "2003.10.11"]
[Round "9"]
[White "Delgado Ramirez, Neuris"]
[Black "Valdes Romero, Leonardo"]
[Result "1-0"]
[WhiteElo "2530"]
[BlackElo "2365"]
[PlyCount "63"]
[EventDate "2003.10.06"]
[EventType "tourn"]
[EventRounds "11"]
[EventCountry "ECU"]
[EventCategory "8"]
[SourceTitle "CBM 096 Extra"]
[Source "ChessBase"]
[SourceDate "2003.10.22"]
[SourceVersion "2"]
[SourceVersionDate "2003.10.20"]
[SourceQuality "1"]

1. e4 d6 2. d4 Nf6 3. Nc3 g6 4. h3 Bg7 5. Nge2 O-O 6. g4 e5 7. Be3 exd4 8. Bxd4
Nc6 9. Be3 b5 10. a3 Ne5 11. Bg2 h5 12. g5 Nh7 13. f4 Nc4 14. Bc1 Bd7 15. b3
Nb6 16. Be3 Qc8 17. Bd4 f6 18. gxf6 Bxf6 19. Bxf6 Nxf6 20. Qd3 a6 21. Qg3 Kh7
22. e5 Ng8 23. Bxa8 Qxa8 24. Rg1 Bf5 25. Nd4 Qe8 26. O-O-O dxe5 27. fxe5 Ne7
28. e6 Qc8 29. Rdf1 Rg8 30. Qg5 Qf8 31. Nxf5 Nxf5 32. e7 1-0

[Event "Guayaquil zt 2.3"]
[Site "Guayaquil"]
[Date "2003.10.12"]
[Round "10"]
[White "Ramirez, Alejandro"]
[Black "Delgado Ramirez, Neuris"]
[Result "1/2-1/2"]
[WhiteElo "2483"]
[BlackElo "2530"]
[PlyCount "147"]
[EventDate "2003.10.06"]
[EventType "tourn"]
[EventRounds "11"]
[EventCountry "ECU"]
[EventCategory "8"]
[SourceTitle "CBM 096 Extra"]
[Source "ChessBase"]
[SourceDate "2003.10.22"]
[SourceVersion "2"]
[SourceVersionDate "2003.10.20"]
[SourceQuality "1"]

1. d4 Nf6 2. c4 e6 3. Nc3 Bb4 4. Qc2 d6 5. Nf3 Nbd7 6. g3 b6 7. Bg2 Bb7 8. O-O
Bxc3 9. Qxc3 O-O 10. Rd1 Be4 11. b3 h6 12. Bb2 a5 13. Rac1 Qb8 14. Bh3 c5 15.
Nd2 Bc6 16. Bg2 Ra7 17. Nb1 Be4 18. f3 Bc6 19. d5 exd5 20. cxd5 Ba8 21. e4 b5
22. Nd2 a4 23. Nf1 Qb6 24. Kh1 Bb7 25. Ne3 axb3 26. axb3 Ra2 27. Ra1 Rfa8 28.
Rxa2 Rxa2 29. Ra1 Qa7 30. Nf5 b4 31. Qc1 Ne8 32. Bf1 Ndf6 33. Bxf6 Nxf6 34.
Rxa2 Qxa2 35. Nxd6 Qxb3 36. Nxb7 Qxf3+ 37. Bg2 Qe2 38. Nxc5 Ng4 39. d6 Ne3 40.
Qg1 Nxg2 41. d7 Ne3 42. d8=Q+ Kh7 43. Qxe3 Qxe3 44. Qd5 Qe1+ 45. Kg2 Qe2+ 46.
Kg1 Qe1+ 47. Kg2 Qe2+ 48. Kh3 Qf1+ 49. Kh4 Qf6+ 50. Kg4 g6 51. Qc4 h5+ 52. Kh3
Qf2 53. Qc1 h4 54. Nd3 Qf3 55. Ne5 Qf6 56. Ng4 Qe6 57. Qh6+ Kg8 58. e5 b3 59.
Kxh4 Qc4 60. Qd2 Kg7 61. Qf2 Kg8 62. Kh3 Qc8 63. Qb6 Qf5 64. Qb8+ Kg7 65. Qxb3
Qh5+ 66. Kg2 Qxg4 67. Qf3 Qd4 68. Qf6+ Kf8 69. h4 Qe4+ 70. Kh2 Qe2+ 71. Kh3 Qe4
72. Qf4 Qh1+ 73. Kg4 Qd1+ 74. Kh3 1/2-1/2

[Event "Guayaquil zt 2.3"]
[Site "Guayaquil"]
[Date "2003.10.13"]
[Round "11"]
[White "Delgado Ramirez, Neuris"]
[Black "Delgado Kuffo, Andres"]
[Result "1-0"]
[WhiteElo "2530"]
[BlackElo "2372"]
[PlyCount "63"]
[EventDate "2003.10.06"]
[EventType "tourn"]
[EventRounds "11"]
[EventCountry "ECU"]
[EventCategory "8"]
[SourceTitle "CBM 096 Extra"]
[Source "ChessBase"]
[SourceDate "2003.10.22"]
[SourceVersion "2"]
[SourceVersionDate "2003.10.20"]
[SourceQuality "1"]

1. e4 e6 2. d3 c5 3. g3 Nc6 4. Bg2 g6 5. Nf3 Bg7 6. Nc3 Nge7 7. Be3 Nd4 8. Qd2
Nec6 9. O-O Nxf3+ 10. Bxf3 Nd4 11. Bg2 Qa5 12. a3 O-O 13. h4 d6 14. h5 Rb8 15.
h6 Bh8 16. Bg5 Qc7 17. Rae1 b5 18. Nd1 b4 19. c3 bxc3 20. bxc3 Nc6 21. f4 Ba6
22. Rf2 Bb5 23. Ref1 Ba4 24. Ne3 Qa5 25. Rc1 Rb3 26. Nc4 Qc7 27. f5 Bb5 28. Ne3
Be5 29. fxe6 f6 30. Nd5 Qd8 31. Rcf1 Qe8 32. Bxf6 1-0

[Event "Quito Cup CDP 1st"]
[Site "Quito"]
[Date "2003.10.14"]
[Round "1"]
[White "Salvador, Carlos"]
[Black "Delgado Ramirez, Neuris"]
[Result "0-1"]
[WhiteElo "2245"]
[BlackElo "2530"]
[PlyCount "78"]
[EventDate "2003.10.14"]
[EventType "tourn"]
[EventRounds "11"]
[EventCountry "ECU"]
[EventCategory "5"]
[SourceTitle "EXT 2005"]
[Source "ChessBase"]
[SourceDate "2004.11.15"]
[SourceVersion "1"]
[SourceVersionDate "2004.11.15"]
[SourceQuality "1"]

1. e4 c5 2. Nf3 d6 3. d4 cxd4 4. Nxd4 Nf6 5. Nc3 a6 6. Bg5 e6 7. Qd2 Be7 8. f3
O-O 9. Be3 b5 10. g4 Nfd7 11. g5 Nb6 12. h4 b4 13. Nd1 d5 14. e5 Nc4 15. Bxc4
dxc4 16. Nf2 Bb7 17. Ng4 Nc6 18. O-O Rc8 19. c3 Qa5 20. Nxc6 Bxc6 21. Bd4 bxc3
22. bxc3 Rfd8 23. Qe3 Rb8 24. Rf2 Qa3 25. Re1 Rb2 26. Ree2 Rb1+ 27. Kh2 Rdb8
28. Rg2 R1b2 29. Qf2 Rxe2 30. Qxe2 Qc1 31. Kg3 Bd5 32. Ne3 Qb1 33. Nxc4 {
Diagrama [#]} h6 34. Ne3 hxg5 35. h5 Bd8 36. Qxa6 Qh1 37. Rf2 g4 38. Ng2 Qh3+
39. Kf4 gxf3 0-1

[Event "Quito Cup CDP 1st"]
[Site "Quito"]
[Date "2003.10.15"]
[Round "2"]
[White "Delgado Ramirez, Neuris"]
[Black "Munoz Sanchez, Miguel"]
[Result "1-0"]
[WhiteElo "2530"]
[BlackElo "2442"]
[PlyCount "71"]
[EventDate "2003.10.14"]
[EventType "tourn"]
[EventRounds "11"]
[EventCountry "ECU"]
[EventCategory "5"]
[SourceTitle "EXT 2005"]
[Source "ChessBase"]
[SourceDate "2004.11.15"]
[SourceVersion "1"]
[SourceVersionDate "2004.11.15"]
[SourceQuality "1"]

1. e4 c5 2. Nf3 Nc6 3. Bb5 g6 4. c3 Bg7 5. d4 Qb6 6. Bxc6 bxc6 7. O-O cxd4 8.
cxd4 Nf6 9. Nc3 O-O 10. Re1 d6 11. h3 Rb8 12. b3 Re8 13. Bg5 h6 14. Be3 Qa5 15.
Rc1 Rd8 16. Qe2 g5 17. Bd2 Qa6 18. e5 Ne8 19. Ne4 Be6 20. Ng3 Rbc8 21. Bxg5
dxe5 22. Bxe7 Rd7 23. Bc5 exd4 24. Nh5 d3 25. Qd2 Bf5 26. Nxg7 Nxg7 27. Ne5 Rd5
28. Nxf7 Kxf7 29. Re7+ Kg6 30. Qc3 Rg8 31. g4 d2 32. Rd1 Bd3 33. Rxd2 Qb5 34.
Bd4 Nf5 35. gxf5+ Kxf5+ 36. Kh2 1-0

[Event "Quito Cup CDP 1st"]
[Site "Quito"]
[Date "2003.10.16"]
[Round "3"]
[White "Moncayo Romero, Evelyn"]
[Black "Delgado Ramirez, Neuris"]
[Result "0-1"]
[WhiteElo "2222"]
[BlackElo "2530"]
[PlyCount "68"]
[EventDate "2003.10.14"]
[EventType "tourn"]
[EventRounds "11"]
[EventCountry "ECU"]
[EventCategory "5"]
[SourceTitle "EXT 2005"]
[Source "ChessBase"]
[SourceDate "2004.11.15"]
[SourceVersion "1"]
[SourceVersionDate "2004.11.15"]
[SourceQuality "1"]

1. e4 c5 2. Nf3 d6 3. d4 cxd4 4. Nxd4 Nf6 5. Nc3 Nc6 6. Nxc6 bxc6 7. Bc4 e5 8.
O-O Be7 9. h3 O-O 10. Qe2 Nd7 11. f4 Bf6 12. f5 Nb6 13. Rd1 Qe7 14. Be3 Nxc4
15. Qxc4 Bb7 16. Rd2 Rfc8 17. Qb4 d5 18. Qxe7 Bxe7 19. exd5 cxd5 20. Nxd5 Bxd5
21. Rxd5 Rxc2 22. Rxe5 Bf6 23. Rb5 h5 24. Rc1 Re2 25. Rb3 Bxb2 26. Rb1 Be5 27.
a4 Rc8 28. Bxa7 Rcc2 29. Rb5 Bg3 30. a5 Rxg2+ 31. Kf1 Rh2 32. Bg1 Rh1 33. R5b2
Bh2 34. Rxc2 Rxg1+ 0-1

[Event "Quito Cup CDP 1st"]
[Site "Quito"]
[Date "2003.10.17"]
[Round "4"]
[White "Delgado Ramirez, Neuris"]
[Black "Fierro Baquero, Martha Lorena"]
[Result "1-0"]
[WhiteElo "2530"]
[BlackElo "2313"]
[PlyCount "49"]
[EventDate "2003.10.14"]
[EventType "tourn"]
[EventRounds "11"]
[EventCountry "ECU"]
[EventCategory "5"]
[SourceTitle "EXT 2005"]
[Source "ChessBase"]
[SourceDate "2004.11.15"]
[SourceVersion "1"]
[SourceVersionDate "2004.11.15"]
[SourceQuality "1"]

1. e4 g6 2. d4 Bg7 3. Nc3 c6 4. Be3 d6 5. a4 a5 6. h3 Nf6 7. g4 O-O 8. Bg2 e5
9. Nge2 Qe7 10. Qd2 Re8 11. O-O Na6 12. Ng3 Nd7 13. Nce2 Nc7 14. f4 exf4 15.
Bxf4 Ne6 16. Be3 Nb6 17. b3 d5 18. Rf2 Bd7 19. Raf1 Red8 20. e5 Be8 21. Nf5 Qb4
22. Qc1 Nc8 23. Nxg7 Kxg7 24. c3 Qe7 25. Nf4 1-0

[Event "Quito Cup CDP 1st"]
[Site "Quito"]
[Date "2003.10.18"]
[Round "5"]
[White "Palencia Morales, Guillermo Wilson"]
[Black "Delgado Ramirez, Neuris"]
[Result "1/2-1/2"]
[WhiteElo "2350"]
[BlackElo "2530"]
[PlyCount "74"]
[EventDate "2003.10.14"]
[EventType "tourn"]
[EventRounds "11"]
[EventCountry "ECU"]
[EventCategory "5"]
[SourceTitle "EXT 2005"]
[Source "ChessBase"]
[SourceDate "2004.11.15"]
[SourceVersion "1"]
[SourceVersionDate "2004.11.15"]
[SourceQuality "1"]

1. e4 c5 2. Nf3 d6 3. d4 cxd4 4. Nxd4 Nf6 5. Nc3 a6 6. Bc4 e6 7. Bb3 Nbd7 8. f4
Nc5 9. e5 Nfd7 10. Nf3 Qc7 11. Qe2 Be7 12. exd6 Qxd6 13. f5 Nxb3 14. axb3 O-O
15. fxe6 fxe6 16. Bd2 Nf6 17. O-O-O Qc7 18. Ng5 e5 19. Nge4 Nxe4 20. Nd5 Qd6
21. Qxe4 Bf5 22. Nxe7+ Qxe7 23. Qd5+ Kh8 24. Bc3 e4 25. g4 Rad8 26. Qe5 Rxd1+
27. Rxd1 Qxe5 28. Bxe5 Bxg4 29. Rg1 e3 30. h3 e2 31. Bxg7+ Kxg7 32. Rxg4+ Kh6
33. Kd2 Rf2 34. Ke1 Rh2 35. Rb4 b5 36. Re4 Kg5 37. Rg4+ Kf5 1/2-1/2

[Event "Quito Cup CDP 1st"]
[Site "Quito"]
[Date "2003.10.19"]
[Round "6"]
[White "Dominguez Perez, Leinier"]
[Black "Delgado Ramirez, Neuris"]
[Result "1/2-1/2"]
[WhiteElo "2607"]
[BlackElo "2530"]
[PlyCount "21"]
[EventDate "2003.10.14"]
[EventType "tourn"]
[EventRounds "11"]
[EventCountry "ECU"]
[EventCategory "5"]
[SourceTitle "EXT 2005"]
[Source "ChessBase"]
[SourceDate "2004.11.15"]
[SourceVersion "1"]
[SourceVersionDate "2004.11.15"]
[SourceQuality "1"]

1. d4 d5 2. Nf3 Nf6 3. c4 e6 4. Nc3 Be7 5. Bg5 Nbd7 6. e3 O-O 7. Rc1 c6 8. Bd3
dxc4 9. Bxc4 Nd5 10. Bxe7 Qxe7 11. O-O 1/2-1/2

[Event "Quito Cup CDP 1st"]
[Site "Quito"]
[Date "2003.10.20"]
[Round "7"]
[White "Delgado Ramirez, Neuris"]
[Black "Mieles Palau, Daniel"]
[Result "1-0"]
[WhiteElo "2530"]
[BlackElo "2468"]
[PlyCount "61"]
[EventDate "2003.10.14"]
[EventType "tourn"]
[EventRounds "11"]
[EventCountry "ECU"]
[EventCategory "5"]
[SourceTitle "EXT 2005"]
[Source "ChessBase"]
[SourceDate "2004.11.15"]
[SourceVersion "1"]
[SourceVersionDate "2004.11.15"]
[SourceQuality "1"]

1. e4 c5 2. Nf3 Nc6 3. Bb5 g6 4. Bxc6 bxc6 5. O-O Bg7 6. d3 d6 7. c3 e5 8. Be3
Nf6 9. h3 O-O 10. Qc2 Qe7 11. Nbd2 Re8 12. a3 a5 13. b4 axb4 14. cxb4 cxb4 15.
axb4 Rxa1 16. Rxa1 d5 17. Bc5 Qe6 18. Ng5 Qd7 19. Ra7 Bb7 20. Nb3 Ra8 21. Rxa8+
Bxa8 22. Nf3 dxe4 23. Nxe5 exd3 24. Qa2 Qe8 25. Nxd3 Bb7 26. Bd4 Nd5 27. Bxg7
Kxg7 28. Nbc5 Bc8 29. b5 Kf8 30. Qb3 {Diagrama [#]} Nb6 31. Qa3 1-0

[Event "Quito Cup CDP 1st"]
[Site "Quito"]
[Date "2003.10.21"]
[Round "8"]
[White "Mendoza, Rafael Enrique"]
[Black "Delgado Ramirez, Neuris"]
[Result "1/2-1/2"]
[WhiteElo "2382"]
[BlackElo "2530"]
[PlyCount "22"]
[EventDate "2003.10.14"]
[EventType "tourn"]
[EventRounds "11"]
[EventCountry "ECU"]
[EventCategory "5"]
[SourceTitle "EXT 2005"]
[Source "ChessBase"]
[SourceDate "2004.11.15"]
[SourceVersion "1"]
[SourceVersionDate "2004.11.15"]
[SourceQuality "1"]

1. e4 c5 2. Nf3 d6 3. Bb5+ Bd7 4. Bxd7+ Qxd7 5. O-O Nf6 6. Re1 Nc6 7. d3 g6 8.
Nbd2 Bg7 9. Nf1 O-O 10. Ng3 h5 11. h3 d5 1/2-1/2

[Event "Quito Cup CDP 1st"]
[Site "Quito"]
[Date "2003.10.22"]
[Round "9"]
[White "Delgado Ramirez, Neuris"]
[Black "Moreno, Alejandro"]
[Result "1-0"]
[WhiteElo "2530"]
[BlackElo "2390"]
[PlyCount "79"]
[EventDate "2003.10.14"]
[EventType "tourn"]
[EventRounds "11"]
[EventCountry "ECU"]
[EventCategory "5"]
[SourceTitle "EXT 2005"]
[Source "ChessBase"]
[SourceDate "2004.11.15"]
[SourceVersion "1"]
[SourceVersionDate "2004.11.15"]
[SourceQuality "1"]

1. e4 e5 2. Nf3 Nc6 3. Bb5 Nd4 4. Bc4 Bc5 5. Nxd4 Bxd4 6. d3 d6 7. c3 Bb6 8.
Be3 Nf6 9. O-O c6 10. Bb3 h6 11. Nd2 Bg4 12. Qe1 O-O 13. d4 Re8 14. f3 Be6 15.
Qf2 Bc7 16. dxe5 dxe5 17. Rfd1 b6 18. a4 Bxb3 19. Nxb3 Qc8 20. a5 Qe6 21. Nd2
c5 22. Qe2 Qc6 23. Qa6 Kh7 24. Qc4 Qd7 25. Nf1 Qe7 26. Bf2 Rad8 27. Qa6 Rxd1
28. Rxd1 Bd8 29. Ne3 Qc7 30. Qb5 Re6 31. Nc4 g5 32. g4 Kg7 33. a6 h5 34. h3
hxg4 35. hxg4 Qb8 36. Ne3 Bc7 37. Nf5+ Kg6 38. Kg2 Qe8 39. Rh1 Ng8 40. Qf1 1-0